000 00232nam a2200097Ia 4500
001 673575
005 20250826160906.0
008 250824s9999 xx 000 0 und d
245 0 _aHZ FATIMA
_cCİHAN AKTAŞ
260 _bBEYAN YAYINLARI
999 _c673575
_d673575